| 000 | 00896cam a2200229 4500 | ||
|---|---|---|---|
| 001 | 1308 | ||
| 003 | OCoLC | ||
| 005 | 20181127163057.0 | ||
| 008 | 000224s1999 nyu 000 1 eng d | ||
| 020 | _a0451409361 | ||
| 043 | _ae-uk-en | ||
| 100 | 1 | _aGrimes, Martha. | |
| 245 | 1 | 4 |
_aThe Lamorna wink : _ba Richard Jury mystery / _cMartha Grimes. |
| 260 |
_aNew York : _bOnyx, _c2000. |
||
| 300 |
_a420 p. ; _c18 cm. |
||
| 520 | _aDetective Richard Jury solves a string of disappearances and murders in Cornwall, including two grandchildren of an American fast-food magnate. But the leg work is done for him by his aristocratic and eccentric friend, Melrose Plant. | ||
| 650 | 0 |
_aJury, Richard (Fictitious character) _vFiction. |
|
| 650 | 0 |
_aPlant, Melrose (Fictitious character) _vFiction. |
|
| 650 | 0 |
_aPolice _zEngland _vFiction. |
|
| 651 | 0 |
_aEngland _vFiction. |
|
| 655 | 7 |
_aMystery fiction. _2gsafd. |
|
| 999 |
_c943 _d943 |
||